Cestná doprava - výhody a nevýhody

Uložené v:
Podrobná bibliografia
Hlavný autor: Heitlinger, René (Autor)
Ďalší autori: Lešinský, Ján (Vedúci práce)
Médium: Rukopis Kniha
Jazyk:Slovak
Vydavateľské údaje: 2015
Predmet:
On-line prístup:http://is.stuba.sk/zp/portal_zp.pl?podrobnosti=89409
Tagy: Pridať tag
Žiadne tagy, Buďte prvý, kto otaguje tento záznam!

MARC

LEADER 00000ntm a22000003a 4500
001 stuzp52575
003 SK-STU
005 20160719154221.0
007 ta
008 150427s2015----xo-----f-mn---000-0-slo-d
040 |a STU  |b slo 
041 0 |a slo 
100 1 |a Heitlinger, René  |u 020030  |4 aut  |U SjF Strojnícka fakulta  |T SjF Ústav dopravnej techniky a konštruovania  |X 9236  |U J0030  |Y 806  |7 9236 
242 0 1 |a Road transportation – advantages and disadvantages  |y eng 
245 1 0 |a Cestná doprava - výhody a nevýhody 
260 |c 2015 
650 4 |a automobilizácia  |2 slo 
650 4 |a multimodálna doprava  |2 slo 
650 4 |a cestná doprava  |2 slo 
650 4 |a analýza dopravy  |2 slo 
650 4 |a rozvoj infraštruktúry  |2 slo 
650 4 |a road transportation  |2 eng 
650 4 |a multimodal transportion  |2 eng 
650 4 |a infrastructure development  |2 eng 
650 4 |a automobilization  |2 eng 
650 4 |a transportation analysis  |2 eng 
700 1 |a Lešinský, Ján  |4 ths  |X 2459  |7 A000002459 
856 4 |u http://is.stuba.sk/zp/portal_zp.pl?podrobnosti=89409 
996 |b 284J044203  |c J* 2493/BP  |l JJSK  |s A  |a 24  |w stuzp52575_0001 
SQL |a stuzp52575  |b DBP  |c SLO  |d Cestná doprava - výhody a nevýhody  |e 9236  |f Heitlinger, René  |g 020030  |h 2459  |i Lešinský, Ján  |j 20150616  |k 43  |l 02  |m http://is.stuba.sk/zp/portal_zp.pl?podrobnosti=89409  |n B-ALSM  |o 5.2.4. motorové vozidlá, koľajové vozidlá, lode a lietadlá